000 00469nam a22001937a 4500
003 MPLRDC
005 20220104114425.0
008 210129b ||||| |||| 00| 0 eng d
020 _a7-80188-744-1
082 _a947.416 XYZ-2
100 _a萧言中绘
245 _a笨贼一箩筐
_c
250 _a一版一刷
260 _a中国
_b现代出版社
_c2006
300 _b139
490 _a萧言中漫画系列
650 _a漫画
942 _cBK
_o947.416 XYZ-2
999 _c7362
_d7352